000 00430nam a2200181Ia 4500
005 20240823011858.0
008 240823s9999||||xx |||||||||||||| ||und||
041 _aENGLISH
082 _A658.15 P2
100 _aAsish K Bhattacharyya
245 0 _aFinancial Accounting
250 _a1st
260 _c2002
_b"PHI,New Delhi"
500 _aYES
650 _aManagement
_bManagement Studies
942 _cBK
999 _c162807
_d162807